| 000 | 00750cam1a220025300 4500 | ||
|---|---|---|---|
| 001 | lce00603236 | ||
| 008 | 780509s1967 iluab b 000 0 eng | ||
| 010 | _a 67016103 | ||
| 035 | _a(Sirsi) r66621 | ||
| 035 | _aAAQ7157 | ||
| 035 | _a(DLC) 67016103 | ||
| 035 | _a(UPRA)lce00603236 | ||
| 040 |
_cIEN _dUPRA |
||
| 050 | 0 |
_aRC111 _b.C62 |
|
| 082 | _a616.9 | ||
| 100 | 1 |
_aCockburn, Aidan. _6A27125.1 |
|
| 245 | 1 | 0 |
_aInfectious diseases ; their evolution and eradication / _ccompiled and edited by Aidan Cockburn. |
| 260 |
_aSpringfield, IL : _bThomas, _c[1967] |
||
| 504 | _aIncludes bibliographies. | ||
| 650 | 0 |
_aCommunicable diseases. _6S4928.1 |
|
| 949 |
_aRC111 _wLC _i-89173 _mMEDICAL _tBOOK _lON-SHELF |
||
| 004 | 66621 | ||
| 999 |
_c41879 _d41879 |
||